000
00358nam a2200157Ia 4500
003
OSt
005
20240307143933.0
008
170523s9999 xx 000 0 und d
020
_a
978-0256055474
040
_c
iimtu meerut
100
_a
CRAVENS
245
0
_a
MARKETING MANAGEMENT
260
_b
AITBS PUBLICATION DIS
260
_c
2005
942
_2
ddc
_c
02
999
_c
1213
_d
1213